| 000 | 003740000a22001090004500 | ||
|---|---|---|---|
| 090 |
_aAS _bSeriadas |
||
| 245 | 1 | 0 | _aBosques de Guandal del delta del río Patía (<Colombia>) |
| 041 | 0 | _aEspañol | |
| 100 | 1 |
_aDel Valle, Jorge Ignacio _999105 |
|
| 942 | _cARTICULO | ||
| 773 | 1 |
_tRevista de la Academia Colombiana de Ciencias Exactas, Fisicas y Naturales _332 _h78 _q475-489 _d1996 _g20 |
|
| 999 |
_c14081 _d14081 |
||